| 000 | 00710pam a2200253 i 4500 | ||
|---|---|---|---|
| 999 |
_c9998 _d9998 |
||
| 001 | 9998 | ||
| 003 | BD-JhCC | ||
| 005 | 20180404104949.0 | ||
| 008 | 180404s1981 ilua 001 0 eng | ||
| 020 | _z087006320X | ||
| 035 | _a(BD-JhCC)9998 | ||
| 040 |
_aDLC _cDLC _dDLC _dBD-JhCC |
||
| 041 | _aeng | ||
| 050 | 0 | 0 |
_aT353 _b.B873 1981 |
| 082 | 0 | 0 |
_a604.2/4 _219 _bBRO 1981 |
| 100 | 1 |
_aBrown, Walter C. _q(Walter Charles), _d1918-2000. |
|
| 245 | 1 | 0 |
_aDrafting for industry / _cby Walter C. Brown. |
| 260 |
_aSouth Holland, Ill. : _bGoodheart-Willcox Co., _cc1981. |
||
| 300 |
_a616 p. : _bill. ; _c29 cm. |
||
| 500 | _aIncludes index. | ||
| 650 | 0 | _aMechanical drawing. | |
| 942 |
_2ddc _cREF |
||